Slovaquie... ou Slovénie? - Statistiques

Statistiques générales
  • Ce quiz a été pris 9 823 fois
    9 790 depuis la dernière actualisation
  • Le résultat moyen est 11 sur 15
Statistiques - réponses
Question Réponse % Correct
Est frontalier de l'Italie Slovénie
92%
Ljubljana est sa capitale Slovénie
90%
A un littoral Slovénie
89%
A un drapeau composé de bandes rouge, blanche et bleue et d'un emblème Les deux
84%
Est considéré comme un pays d'Europe centrale Slovaquie
84%
Fait partie de l'Union européenne Les deux
82%
A une partie de son territoire dans les Alpes Slovénie
79%
Sa capitale se trouve sur le Danube Slovaquie
77%
A une partie de son territoire dans les Carpates Slovaquie
76%
Faisait autrefois partie de la Yougoslavie Slovénie
72%
Sa capitale se trouve à seulement 55 kilomètres de Vienne Slovaquie
68%
Est devenu indépendant dans les années 1990 Les deux
60%
Est considéré comme un pays slave Les deux
53%
Plus de 25% du pays est couvert de forêts Les deux
44%
A un très faible taux de fécondité (<1,5 enfant par femme) Les deux
38%
Aucun quiz correspondant
Distribution des résultats
% des personnes avec chaque résultat
Percentile par nombre de réponses
Votre historique - résultats
Vous n’avez pas pris ce quiz depuis la dernière actualisation